000 01596cam a2200409 a 4500
001 10147190
003 ARRUPE
005 20150529105134.0
008 050802s2005 nyub 000 1 eng
010 _a 2005053034
020 _a0553801503
020 _a9780553801507
020 _a9780553582031 (pbk.)
020 _a0553582038 (pbk.)
024 _a99952040230
035 _a(OCoLC)ocm61261403\
035 _a(OCoLC)61261403
_z(OCoLC)61224685
_z(OCoLC)187311447
035 _a(NNC)10147190
040 _aDLC
_cDLC
_dNOG
_dBAKER
_dUOK
_dC#P
_dNPL
_dIXA
_dBTCTA
_dYDXCP
_dLF8
_dCQU
_dBNO
_dOKP
_dAMP
_dSAC
050 0 0 _aPZ4.
_bM380F4
082 0 0 _a813/.54
_222
100 1 _aMartin, George R. R.
_917785
245 1 2 _aA feast for crows :
_cGeorge R.R. Martin.
_bbook four of a song of ice and fire
260 _aLondon :
_bHarper Voyager,
_c2005.
300 _a753, [20] p. :
_bmaps ;
_c24 cm.
490 1 _aA song of ice and fire ;
_vbk. 4
500 _a"A Bantam Spectra book"--T.p. verso.
520 _aThe uneasy peace that exists following the death of Robb Stark is threatened by new plots, intrigues, and alliances that once again will plunge the Seven Kingdoms back into all-out war for control of the Iron Throne.
650 0 _aSeven Kingdoms (Imaginary place)
_vFiction.
_917786
650 0 _aFantasy fiction.
_2gsafd
_917787
655 7 _aFantasy fiction.
_2gsafd
_917788
655 7 _aFantasy fiction.
_2lcsh
_917789
800 1 _aMartin, George R. R.
_tSong of ice and fire ;
_vbk. 4.
_917790
942 _2lcc
_cMONOGRAPH
948 1 _a20130221
_bc
_chew2
_dMPS
999 _c122832
_d122832